000 00444nam a22001577a 4500
003 OSt
008 260423b |||||||| |||| 00| 0 eng d
082 _a634.655
_bD11D
100 _aDhakal, Buddhi Raj
245 _aDefoliation Period and Storage of Bud Wood in Relation to Success of Veneer Grafting in Mango
260 _aBAU, Sabour
_bRAU, Pusa
_c1986
300 _a59P.
502 _bMsc.
_d1986
650 _aHorticulture
942 _2ddc
_cT
999 _c50113
_d50113